| 000 | 00918nam a2200265Ii 4500 | ||
|---|---|---|---|
| 008 | 211104s9999 xx 000 0 und d | ||
| 022 | _a0300-9734 | ||
| 022 | _a2000-1967 | ||
| 041 | _aeng | ||
| 245 | 0 | _aUpsala Journal of Medical Sciences: | |
| 264 |
_aSweden: _bUpsala Medical Society |
||
| 336 |
_2rdacontent _atext _btxt |
||
| 337 |
_2rdamedia _acomputer _bc |
||
| 338 |
_2rdacarrier _aonline resource _bcr |
||
| 540 |
_fCC BY _uhttps://ujms.net/index.php/ujms/oapolicy |
||
| 540 | _uhttps://ujms.net/index.php/ujms/article/view/5660/13309 | ||
| 540 | _uhttps://ujms.net/index.php/ujms/oapolicy | ||
| 540 | _uhttps://ujms.net/index.php/ujms/oapolicy | ||
| 653 | _a Clinical medicine | ||
| 653 | _aMedicine | ||
| 710 | 2 | _aThe Directory of Open Access Journals | |
| 856 | _uhttps://doaj.org/toc/40998af58fc8461eab8872593b6231a8 | ||
| 856 | _uhttps://ujms.net/index.php/ujms/index | ||
| 942 | _cE-JOURNAL | ||
| 999 |
_c41598 _d41598 |
||